Detectives en Recoleta / (Registro nro. 953)
[ vista simple ]
| 000 -LEADER | |
|---|---|
| fixed length control field | 01271nam a22002897a 4500 |
| 003 - CONTROL NUMBER IDENTIFIER | |
| control field | AR-RoUNCS |
| 005 - DATE AND TIME OF LATEST TRANSACTION | |
| control field | 20260309112037.0 |
| 007 - PHYSICAL DESCRIPTION FIXED FIELD--GENERAL INFORMATION | |
| fixed length control field | ta |
| 008 - FIXED-LENGTH DATA ELEMENTS--GENERAL INFORMATION | |
| fixed length control field | 170523s2008 ag a cr 001 f spa |
| 015 ## - NATIONAL BIBLIOGRAPHY NUMBER | |
| National bibliography number | AR-2008 |
| 020 ## - INTERNATIONAL STANDARD BOOK NUMBER | |
| International Standard Book Number | 978-987-04-0227-5 |
| 040 ## - CATALOGING SOURCE | |
| Original cataloging agency | AR-BaBN |
| Language of cataloging | spa |
| Transcribing agency | AR-RoUNCS |
| Description conventions | aacr |
| 044 ## - COUNTRY OF PUBLISHING/PRODUCING ENTITY CODE | |
| MARC country code | ag |
| ISO country code | ar-c |
| 080 1# - UNIVERSAL DECIMAL CLASSIFICATION NUMBER | |
| Universal Decimal Classification number | 82-312.4(82) |
| Edition identifier | 2016 |
| 100 1# - MAIN ENTRY--PERSONAL NAME | |
| Personal name | Brandán Aráoz, María, |
| Dates associated with a name | 1949- |
| Relator term | autora |
| Relationship | aut |
| 245 10 - TITLE STATEMENT | |
| Title | Detectives en Recoleta / |
| Statement of responsibility, etc. | María Brandán Aráoz ; ilustraciones de Pez. |
| 260 ## - PUBLICATION, DISTRIBUTION, ETC. | |
| Place of publication, distribution, etc. | Buenos Aires : |
| Name of publisher, distributor, etc. | Alfaguara, |
| Date of publication, distribution, etc. | 2008. |
| 300 ## - PHYSICAL DESCRIPTION | |
| Extent | 284 p. : |
| Other physical details | il. byn ; |
| Dimensions | 20 cm. |
| 490 0# - SERIES STATEMENT | |
| Series statement | Alfaguara Juvenil |
| 520 3# - SUMMARY, ETC. | |
| Summary, etc. | Durante las vacaciones de invierno, Mauro arriba a Buenos Aires, proveniente de Alemania; Adela, su novia, y sus amigos, Inés y Pablo, se han mudado recientemente a la Recoleta, donde un nuevo misterio pondrá en juego el ingenio y el coraje del grupo. Una vez más, los jóvenes detectives están dispuestos a investigar hasta las últimas consecuencias. |
| Assigning source | (Descripción del editor). |
| 521 1# - TARGET AUDIENCE NOTE | |
| Target audience note | Edad sugerida desde los 12 años. |
| 650 #7 - SUBJECT ADDED ENTRY--TOPICAL TERM | |
| Source of heading or term | embne |
| Topical term or geographic name entry element | Literatura argentina |
| 655 #7 - INDEX TERM--GENRE/FORM | |
| Genre/form data or focus term | Novelas juveniles |
| Source of term | embne |
| 655 #7 - INDEX TERM--GENRE/FORM | |
| Genre/form data or focus term | Novelas policiacas |
| Source of term | embne |
| 700 1# - ADDED ENTRY--PERSONAL NAME | |
| Personal name | Pez, Alberto, |
| Dates associated with a name | 1963- |
| Relator term | ilustrador |
| Relationship | ill |
| 942 ## - ADDED ENTRY ELEMENTS (KOHA) | |
| Source of classification or shelving scheme | Universal Decimal Classification |
| Koha item type | Obra General |
| Suppress in OPAC | No |
| Withdrawn status | Lost status | Source of classification or shelving scheme | Damaged status | Not for loan | Collection | Home library | Current library | Date acquired | Source of acquisition | Total checkouts | Full call number | Barcode | Date last seen | Price effective from | Koha item type |
|---|---|---|---|---|---|---|---|---|---|---|---|---|---|---|---|
| Universal Decimal Classification | Colección General | Biblioteca Escuela de Ciencias Sociales | Biblioteca Escuela de Ciencias Sociales | 09/03/2026 | Donación 2024 | 82-312.4(82) B817 | 000454 | 09/03/2026 | 09/03/2026 | Obra General |